LEADER 02018nam0 2200445 i 450 001 RMG0028826 005 20251003044337.0 010 $a8814065985 020 $aIT$b99-1625 100 $a20130827d1998 ||||0itac50 ba 101 | $aita 102 $ait 181 1$6z01$ai $bxxxe 182 1$6z01$an 200 1 $aˆL'‰IVA e gli scambi intracomunitari$easpetti generali, operazioni intracomunitarie, regimi speciali ed operazioni triangolari, depositi IVA, armonizzazione delle aliquote, adempimenti contabili ed amministrativi, disposizioni ministeriali, esemplificazioni pratiche$fFrancesco Santoro 205 $a2. ed. aggiornata con la circ. del Ministero delle finanze 10/6/98$bn. 145/E 210 $aMilano$cGiuffrè$d[1998! 215 $aXIV, 474 p.$d24 cm 225 | $aCosa & come$i. Tributi 300 $aSeguono appendici 300 $aSul dorso: 1998. 410 0$1001BVE0036274$12001 $aCosa & come$i. Tributi 606 $aEsportazione$xImposta sul valore aggiunto$xLegislazione$2FIR$3CFIC025105$9I 676 $a343.05$9DIRITTO RELATIVO A SPECIFICI TIPI D'IMPOSTA.$v12 676 $a343.45055$9IMPOSTE INDIRETTE. ITALIA$v19 676 $a343.45055$9DIRITTO TRIBUTARIO SU TIPI DI TASSE SECONDO LA BASE IN ITALIA$v20 676 $a343.45055$9IMPOSTE INDIRETTE. ITALIA$v21 696 $aExport$aIVA 699 $aEsportazione$yExport 699 $aImposta sul valore aggiunto$yIVA 700 1$aSantoro$b, Francesco$3CFIV070443$4070$021541 790 1$aSantoro$b, F.$3SBNV055737$zSantoro, Francesco 801 3$aIT$bIT-000000$c20130827 850 $aIT-BN0095 901 $bNAP 01$cD $n$ 912 $aRMG0028826 950 0$aBiblioteca Centralizzata di Ateneo$d 01D (AR) 27 593$e 01AR 0700275935 VMA 1 v.$fY $h20250307$i20250307 977 $a 01 996 $aIVA e gli scambi intracomunitari$9126441 997 $aUNISANNIO LEADER 01343nam0 22003253i 450 001 TO00010958 005 20251003044401.0 010 $a0898711975 100 $a20231204d1984 ||||0itac50 ba 101 | $aeng 102 $aus 181 1$6z01$ai $bxxxe 182 1$6z01$an 183 1$6z01$anc$2RDAcarrier 200 1 $aNumerical solution of elliptic problems$fGarrett Birkhoff, Robert E. Lynch 210 $aPhiladelphia$cSIAM$d1984 215 $aXI, 319 p.$d23 cm 225 | $aSIAM studies in applied mathematics$fSociety for industrial and applied mathematics$v6 410 0$1001TO00010960$12001 $aSIAM studies in applied mathematics$fSociety for industrial and applied mathematics$v6$171202$aSociety for industrial and applied mathematics$3MILV016945 606 $aMatematica applicata$2FIR$3CFIC014055$9E 700 1$aBirkhoff$b, Garrett$3LO1V030943$4070$013068 701 1$aLynch$b, Robert E.$3TO0V006611$4070$0632387 801 3$aIT$bIT-000000$c20231204 850 $aIT-BN0095 901 $bNAP 01$cM/S $n$ 912 $aTO00010958 950 0$aBiblioteca Centralizzata di Ateneo$d 01M/S (AR) 3 990$e 01 0070039905 VMA 1 v.$fY $h20231204$i20231204 977 $a 01 996 $aNumerical solution of elliptic problems$934189 997 $aUNISANNIO